000 004880000a22001930004500
001 004932
003 MACL
005 20150908125535.0
008 150908b xxu||||| |||| 00| 0 eng d
040 _aMACL
_cMACL
041 _aEnglish
082 _a801.93/MAL
100 _aMalshe, Milind
_99213
245 _aAesthetics Of Literary Classification
_cMilind Malshe
260 _aMumbai
_c2003
_bPopular Prakashan,
350 _a150
650 _aLiterature
_99214
942 _k802
_cBK
_2ddc
999 _c16815
_d16815